[Event "Skovbo GM 2014"]
[Site "?"]
[Date "2014.09.13"]
[Round "7.2"]
[White "Smith, Axel"]
[Black "Bekker-Jensen, Simon"]
[Result "0-1"]
[WhiteElo "2481"]
[BlackElo "2442"]
[PlyCount "74"]
[EventDate "2014.??.??"]
[WhiteClock "0:00:33"]
[BlackClock "0:27:02"]

1. c4 e6 2. Nc3 d5 3. d4 Bb4 4. a3 Bxc3+ 5. bxc3 c5 6. e3 Nf6 7. cxd5 exd5 8.
Bd3 O-O 9. Ne2 b6 10. O-O Ba6 11. f3 Re8 12. Ng3 Bxd3 13. Qxd3 Nc6 14. Bb2 Qc7
15. e4 dxe4 16. fxe4 Rad8 17. Rxf6 gxf6 18. Nh5 Qe5 19. Qf3 cxd4 20. Nxf6+ Kf8
21. Rf1 d3 22. Nxe8 Qxe8 23. c4 Qe6 24. Bf6 Ne7 25. Qf4 d2 26. Rd1 Qxc4 27.
Bxe7+ Kxe7 28. Qg5+ f6 29. Qg7+ Ke6 30. Qxh7 Qe2 31. Qf5+ Ke7 32. Qf3 Qe1+ 33.
Qf1 Qxe4 34. h3 Qe3+ 35. Kh1 Rc8 36. Qa6 Rc1 37. Qxa7+ Ke6 0-1

[Event "Skovbo GM 2014"]
[Site "?"]
[Date "2014.09.13"]
[Round "7.3"]
[White "Antonsen, Mikkel Djernæs"]
[Black "Ahlander, Björn"]
[Result "0-1"]
[WhiteElo "2459"]
[BlackElo "2385"]
[PlyCount "78"]
[EventDate "2014.??.??"]
[WhiteClock "0:23:31"]
[BlackClock "0:32:37"]

1. d4 Nf6 2. c4 e6 3. Nc3 Bb4 4. Qc2 c5 5. dxc5 Na6 6. a3 Qa5 7. Bd2 Nxc5 8.
Rd1 Bxc3 9. Bxc3 Qa4 10. Qxa4 Nxa4 11. Be5 b6 12. Nf3 Ba6 13. e3 Rc8 14. Be2
O-O 15. b3 Nc5 16. Nd2 Rfd8 17. O-O d5 18. b4 Ncd7 19. Bxf6 Nxf6 20. b5 Bb7 21.
Bf3 Rd7 22. cxd5 Bxd5 23. Rc1 Rdc7 24. Rxc7 Rxc7 25. e4 Bb7 26. e5 Bxf3 27.
Nxf3 Nd5 28. Nd4 Rc4 29. Nf3 Nc3 30. g3 h6 31. Kg2 Nxb5 32. Rd1 Nxa3 33. Rd8+
Kh7 34. Rd7 a5 35. Rxf7 b5 36. Re7 b4 37. Rxe6 b3 38. Nd2 b2 39. Ra6 Rc2 0-1

[Event "Skovbo GM 2014"]
[Site "?"]
[Date "2014.09.13"]
[Round "7.4"]
[White "Danielsen, Henrik"]
[Black "Eriksson, Christian Altenburg"]
[Result "1-0"]
[WhiteElo "2488"]
[BlackElo "2130"]
[PlyCount "103"]
[EventDate "2014.??.??"]
[WhiteClock "0:01:17"]
[BlackClock "0:01:08"]

1. Nf3 c5 2. e4 Nc6 3. Bb5 g6 4. O-O Bg7 5. Bxc6 dxc6 6. h3 Nf6 7. Nc3 O-O 8.
d3 e5 9. Nxe5 Nxe4 10. Nxe4 Bxe5 11. Nxc5 Qd5 12. Ne4 f5 13. Ng5 f4 14. Nf3 Bg7
15. c3 Be6 16. Re1 Rae8 17. d4 g5 18. Bd2 Bf7 19. Qc2 Bf6 20. Nh2 h5 21. b3 Kg7
22. Rxe8 Bxe8 23. Re1 Bg6 24. Qc1 c5 25. h4 cxd4 26. hxg5 Bxg5 27. Nf3 dxc3 28.
Bxc3+ Bf6 29. Qxf4 Bxc3 30. Qc7+ Kg8 31. Qxc3 Be4 32. Nh4 a5 33. Re3 Kh7 34. f3
Bg6 35. Re5 Qd1+ 36. Re1 Qd6 37. Re5 Qd1+ 38. Kh2 Qd6 39. Qe3 Rf7 40. f4 Qf6
41. Nxg6 Qxg6 42. Rg5 Qf6 43. Rxh5+ Kg7 44. g3 Re7 45. Re5 Rc7 46. Qe2 a4 47.
Qh5 Rf7 48. bxa4 Kf8 49. a5 Qg7 50. Rf5 Rf6 51. Kh3 Ke7 52. Rxf6 1-0

[Event "Skovbo GM 2014"]
[Site "?"]
[Date "2014.09.13"]
[Round "7.5"]
[White "Skytte, Rasmus"]
[Black "Carstensen, Jacob"]
[Result "1/2-1/2"]
[WhiteElo "2430"]
[BlackElo "2360"]
[PlyCount "69"]
[EventDate "2014.??.??"]
[WhiteClock "0:04:49"]
[BlackClock "0:18:45"]

1. d4 Nf6 2. c4 e6 3. Nc3 Bb4 4. e3 c5 5. Nge2 cxd4 6. exd4 d5 7. a3 Bxc3+ 8.
Nxc3 dxc4 9. Bxc4 Nc6 10. Be3 O-O 11. O-O b6 12. Qd3 Bb7 13. Rad1 h6 14. Bf4
Ne7 15. Ba2 Qd7 16. Rfe1 Ng6 17. Be5 Nd5 18. Bb1 f5 19. Ba2 Rac8 20. Qg3 Kh7
21. h4 Nxc3 22. bxc3 Bd5 23. Bxd5 exd5 24. h5 Nh8 25. Rd3 Rf7 26. Rde3 f4 27.
Bxf4 Qf5 28. Rf3 Qxh5 29. Re5 Qg6 30. Rxd5 Qe4 31. Rd6 Ng6 32. Bd2 Rxf3 33.
Qxf3 Qxf3 34. gxf3 Nh4 35. Kf1 1/2-1/2

[Event "Skovbo GM 2014"]
[Site "?"]
[Date "2014.09.13"]
[Round "7.6"]
[White "Okhotnik, Vladimir"]
[Black "Sylvan, Jacob"]
[Result "1-0"]
[WhiteElo "2391"]
[BlackElo "2336"]
[PlyCount "143"]
[EventDate "2014.??.??"]
[WhiteClock "0:05:49"]
[BlackClock "0:00:51"]

1. e4 c5 2. Nf3 g6 3. c3 Bg7 4. d4 cxd4 5. cxd4 d5 6. e5 Nc6 7. Bb5 Nh6 8.
Bxc6+ bxc6 9. O-O O-O 10. Bf4 Bg4 11. Nbd2 Nf5 12. h3 Bxf3 13. Nxf3 e6 14. Bg5
Qd7 15. Rc1 Rfc8 16. Qa4 Bf8 17. Rc2 Rab8 18. Bd2 Qb7 19. Rfc1 Qb6 20. g4 Ne7
21. Ne1 Qb5 22. Qxb5 cxb5 23. Rc7 Rxc7 24. Rxc7 Rc8 25. Rb7 Nc6 26. Nf3 b4 27.
Kf1 Be7 28. Ke2 Kf8 29. Kd3 Ke8 30. Bg5 Bf8 31. Nd2 a5 32. f4 h6 33. Bf6 a4 34.
f5 gxf5 35. gxf5 a3 36. b3 exf5 37. Rb5 Nd8 38. Bxd8 Rxd8 39. Nf1 f4 40. Nh2 h5
41. Nf3 Rc8 42. Rxd5 Rc3+ 43. Ke4 Re3+ 44. Kxf4 Bh6+ 45. Kg3 Re2 46. Rb5 Rxa2
47. Rxb4 Rb2 48. d5 Bd2 49. Rb8+ Kd7 50. Nxd2 Rxd2 51. Rb7+ Ke8 52. d6 f6 53.
Kf4 fxe5+ 54. Kxe5 h4 55. b4 a2 56. Ra7 Rb2 57. Ke6 Re2+ 58. Kd5 Rb2 59. b5 Kd8
60. b6 Rd2+ 61. Ke6 Re2+ 62. Kf5 Rb2 63. Ke6 Re2+ 64. Kd5 Rd2+ 65. Kc6 Rc2+ 66.
Kb7 Rb2 67. Ra6 Kd7 68. Ka7 Kxd6 69. Kb8 Kc5 70. b7 Kc4 71. Kc7 Kc3 72. Rxa2
1-0

[Event "Skovbo GM 2014"]
[Site "?"]
[Date "2014.09.13"]
[Round "7.7"]
[White "Jepson, Christian"]
[Black "Pedersen, Hans Dahl"]
[Result "1-0"]
[WhiteElo "2406"]
[BlackElo "2178"]
[PlyCount "83"]
[EventDate "2014.??.??"]
[WhiteClock "0:05:58"]
[BlackClock "0:11:23"]

1. d4 d5 2. c4 c6 3. Nf3 Nf6 4. e3 a6 5. b3 g6 6. Be2 Bg7 7. O-O O-O 8. Bb2 Bg4
9. Nc3 Nbd7 10. h3 Bf5 11. g4 Be4 12. Nh2 g5 13. Nxe4 Nxe4 14. Bd3 e5 15. Qc2
Re8 16. Nf3 h5 17. Bxe4 dxe4 18. Qxe4 exd4 19. Qf5 Ne5 20. Bxd4 Nxf3+ 21. Qxf3
Bxd4 22. exd4 Qxd4 23. Rad1 hxg4 24. hxg4 Qe4 25. Kg2 Qxf3+ 26. Kxf3 Re7 27.
Rfe1 Rae8 28. Rxe7 Rxe7 29. a4 a5 30. Rd8+ Kg7 31. Ra8 Re1 32. Ra7 Re7 33. Rxa5
Kg6 34. Ra7 f5 35. gxf5+ Kxf5 36. a5 g4+ 37. Kg2 Re5 38. b4 Re4 39. Rxb7 Rxc4
40. a6 Rc2 41. Rc7 Rb2 42. Rc8 1-0

[Event "Skovbo GM 2014"]
[Site "?"]
[Date "2014.09.13"]
[Round "7.8"]
[White "Frisk, Ellinor"]
[Black "Høi, Carsten"]
[Result "1/2-1/2"]
[WhiteElo "2302"]
[BlackElo "2399"]
[PlyCount "178"]
[EventDate "2014.??.??"]
[WhiteClock "0:03:25"]
[BlackClock "0:01:23"]

1. Nf3 d5 2. c4 e6 3. g3 Nf6 4. Bg2 Be7 5. O-O O-O 6. d4 c6 7. Qc2 Nbd7 8. Rd1
Ne4 9. Nbd2 f5 10. b3 Qe8 11. Bb2 Qh5 12. e3 g5 13. Rf1 Rf6 14. Ne5 Nxe5 15.
dxe5 Rh6 16. h3 g4 17. Kh2 Ng5 18. h4 Ne4 19. Bxe4 fxe4 20. Kg2 c5 21. b4 cxb4
22. Rac1 Bd7 23. cxd5 exd5 24. Qc7 Qe8 25. Qxb7 Bc6 26. Qa6 Rg6 27. Rfe1 Qd7
28. Qe2 Bb5 29. Qd1 Rf8 30. Nb3 Ba4 31. Qd4 Qe6 32. Red1 Bxb3 33. axb3 Rd8 34.
Rc7 Qf7 35. Kg1 Re6 36. Qxa7 Qf3 37. Rd2 Kf8 38. Bd4 Qf7 39. Rxe7 Rxe7 40. Bc5
Ke8 41. Bxe7 Qxe7 42. Qxe7+ Kxe7 43. Rd4 Ke6 44. Rxb4 Kxe5 45. Rb7 d4 46. exd4+
Kxd4 47. Rxh7 e3 48. fxe3+ Kxe3 49. Rf7 Rd1+ 50. Rf1 Rd3 51. Rb1 Kd4 52. Kf2
Rd2+ 53. Kf1 Rd3 54. b4 Rxg3 55. b5 Rh3 56. Rb4+ Kc5 57. Rxg4 Kxb5 58. Kg2 Ra3
59. h5 Kc6 60. h6 Ra8 61. Kg3 Kd6 62. Kh4 Ke6 63. Rf4 Ra1 64. Kh5 Rh1+ 65. Kg6
Rg1+ 66. Kh7 Ke7 67. Rf2 Rg3 68. Ra2 Rg1 69. Ra7+ Kf8 70. Rg7 Rh1 71. Rg2 Rh3
72. Rg5 Rh1 73. Rf5+ Ke7 74. Kg7 Rg1+ 75. Kh8 Rh1 76. h7 Rg1 77. Ra5 Kf7 78.
Ra7+ Kf8 79. Ra8+ Kf7 80. Rg8 Rh1 81. Rg7+ Kf8 82. Rg2 Rh3 83. Rf2+ Ke7 84. Rg2
Kf7 85. Rg4 Rf3 86. Rg7+ Kf8 87. Rg8+ Kf7 88. Ra8 Rf1 89. Rf8+ Kxf8 1/2-1/2

[Event "Skovbo GM 2014"]
[Site "?"]
[Date "2014.09.13"]
[Round "7.9"]
[White "Kjærgaard-Jensen, Jesper"]
[Black "Percivaldi, Martin"]
[Result "0-1"]
[WhiteElo "2151"]
[BlackElo "2327"]
[PlyCount "134"]
[EventDate "2014.??.??"]
[WhiteClock "0:01:52"]
[BlackClock "0:16:16"]

1. Nf3 d5 2. d4 Nf6 3. c3 c5 4. Bf4 Nc6 5. e3 g6 6. dxc5 Bg7 7. Ne5 Ne4 8. Bb5
Bxe5 9. Bxe5 f6 10. Bg3 Nxc5 11. b4 Ne4 12. Nd2 Nxg3 13. hxg3 O-O 14. f4 e5 15.
Bd3 Qe7 16. f5 e4 17. Bb5 Bxf5 18. Bxc6 bxc6 19. Nb3 Qe5 20. Kf2 Rfc8 21. Qd4
h5 22. a4 Bg4 23. Ra2 Qxd4 24. exd4 Kf7 25. Ke3 Ke7 26. a5 f5 27. a6 g5 28. Na5
Kd7 29. Rb1 h4 30. gxh4 f4+ 31. Kf2 gxh4 32. Nb7 Rg8 33. Rh1 Rh8 34. Ke1 Rag8
35. c4 h3 36. Rh2 Bf5 37. gxh3 Rg1+ 38. Kf2 Rhg8 39. cxd5 cxd5 40. Ra5 Ke6 41.
Nc5+ Kf6 42. Ra2 e3+ 43. Kf3 Rf1+ 44. Ke2 Rgg1 45. Nd3 Bxd3+ 46. Kxd3 Rd1+ 47.
Kc3 f3 48. b5 e2 49. Raxe2 fxe2 50. Rf2+ Kg6 51. Rxe2 Rb1 52. Re7 Rxb5 53. Rxa7
Ra1 54. Ra8 Rba5 55. Rd8 Kf6 56. a7 Ke6 57. Re8+ Kd7 58. Re5 Kd6 59. a8=Q Rxa8
60. Rh5 R8a3+ 61. Kb4 Ra4+ 62. Kc3 Rc4+ 63. Kb2 Rd1 64. Rh6+ Ke7 65. Rh7+ Kf6
66. h4 Rdxd4 67. h5 Rh4 0-1

[Event "Skovbo GM 2014"]
[Site "?"]
[Date "2014.09.13"]
[Round "7.10"]
[White "Johansson, Alexander"]
[Black "Akdag, Dara Sevkan"]
[Result "1-0"]
[WhiteElo "2083"]
[BlackElo "2228"]
[PlyCount "45"]
[EventDate "2014.??.??"]
[WhiteClock "0:37:25"]
[BlackClock "0:17:53"]

1. d4 b6 2. e4 Bb7 3. Nc3 e6 4. Bd3 Bb4 5. Qg4 f5 6. exf5 Nf6 7. Qh3 Ne4 8.
Qh5+ Kf8 9. fxe6 Qf6 10. Nge2 Qxf2+ 11. Kd1 Nxc3+ 12. bxc3 Bxg2 13. Rg1 Bxc3
14. Be3 Qf3 15. e7+ Kxe7 16. Qg5+ Ke8 17. Rb1 Rf8 18. Bf4 Bxd4 19. Qxg2 Qxg2
20. Rxg2 Be5 21. Rb4 Nc6 22. Re4 d6 23. Bb5 1-0

[Event "Skovbo GM 2014"]
[Site "Skovbo Kulturhus"]
[Date "2014.09.13"]
[Round "7.11"]
[White "Stuhr, Peter Sebastian"]
[Black "Rosenkilde, Alexander"]
[Result "0-1"]
[WhiteElo "1942"]
[BlackElo "2228"]
[PlyCount "94"]
[EventDate "2014.??.??"]
[WhiteTeam "Køge Skakklub"]
[BlackTeam "Tåstrup Skakforening"]

1. e4 c5 2. Nc3 d6 3. f4 g6 4. Nf3 Bg7 5. Bb5+ Bd7 6. Bc4 Nc6 7. d3 e6 8. a4
Nge7 9. O-O O-O 10. Qe1 Nb4 11. f5 gxf5 12. Qg3 fxe4 13. dxe4 Ng6 14. h4 Nxc2
15. Rb1 h5 16. Ng5 Nd4 17. Bf4 Ne5 18. Bxe5 Bxe5 19. Qf2 f6 20. Nh3 f5 21. Nf4
Qe8 22. Qg3+ Kh7 23. exf5 Rg8 24. Qd3 Nxf5 25. Nxe6 Bxe6 26. Rxf5 Bxf5 27.
Qxf5+ Qg6 28. Bxg8+ Rxg8 29. Qe4 Bd4+ 30. Kh2 Qxe4 31. Nxe4 Rg4 32. Ng5+ Kg6
33. Nf3 Bf2 34. Rd1 Bg3+ 35. Kg1 Rxa4 36. Kf1 Rb4 37. Rd2 a5 38. Ke2 a4 39. Kd1
b5 40. Kc2 Rc4+ 41. Kb1 b4 42. Rd5 Bf4 43. Nd2 Rd4 44. Rxd4 cxd4 45. Nf1 d3 46.
g3 Bh6 47. Nh2 b3 0-1

[Event "Skovbo GM 2014"]
[Site "Skovbo Kulturhus"]
[Date "2014.09.13"]
[Round "7.12"]
[White "Pedersen, Henrik Dahl"]
[Black "Brøndal, Paul"]
[Result "1/2-1/2"]
[WhiteElo "2188"]
[BlackElo "2052"]
[PlyCount "137"]
[EventDate "2014.??.??"]
[WhiteTeam "Køge Skakklub"]
[BlackTeam "Allerød Skakklub"]

1. d4 Nf6 2. Nf3 e6 3. Bg5 d5 4. e3 Nbd7 5. Ne5 Be7 6. Bxf6 Bxf6 7. Nxd7 Bxd7
8. Bd3 c5 9. c3 Qb6 10. Qb3 Qc7 11. Bb5 c4 {(=)} 12. Bxd7+ Qxd7 13. Qc2 O-O 14.
O-O b5 15. Nd2 a5 16. e4 b4 17. f4 bxc3 18. bxc3 Rab8 19. Rab1 Qc7 20. e5 Be7
21. Rxb8 Rxb8 22. f5 Rb6 23. Qa4 Qc6 24. Qxc6 Rxc6 25. fxe6 fxe6 26. Rb1 Kf7
27. Kf2 Bd8 28. Rb7+ Rc7 29. Rb8 Ke7 30. Ke2 Kd7 31. Kd1 Rc8 32. Rb7+ Bc7 33.
Ke2 Kc6 34. Rb1 Rf8 35. Nf3 Rf5 36. h4 h6 37. Kd2 g6 38. Ke3 Rf8 39. Nh2 Bd8
40. g3 Be7 41. a4 h5 42. Rb5 Ra8 43. Nf3 Kc7 44. Ng1 g5 45. Nf3 gxh4 46. gxh4
Ba3 47. Ng5 Bc1+ 48. Kf3 Rf8+ 49. Kg3 Rg8 50. Rxa5 Bxg5 51. hxg5 Rxg5+ 52. Kh4
Rg4+ 53. Kxh5 Rg3 54. Ra7+ Kd8 55. Ra8+ Ke7 56. a5 Rxc3 57. Kg5 Rg3+ 58. Kf4
Ra3 59. a6 Kf7 60. a7 Kg7 61. Re8 Rxa7 62. Rxe6 Rc7 63. Ra6 c3 64. Ra1 Kf7 65.
Kf5 c2 66. Rc1 Ke7 67. Kf4 Rc3 68. Kf5 Rf3+ 69. Kg4 1/2-1/2

[Event "Skovbo GM 2014"]
[Site "Skovbo Kulturhus"]
[Date "2014.09.13"]
[Round "7.13"]
[White "Stojanovski, Sandi"]
[Black "Knudsen, Jes Jacob West"]
[Result "1-0"]
[WhiteElo "2174"]
[BlackElo "1917"]
[PlyCount "51"]
[EventDate "2014.??.??"]
[WhiteTeam "Skakklubben K41"]
[BlackTeam "Allerød Skakklub"]

1. d4 c5 2. d5 f5 3. Nf3 g6 4. g3 Bg7 5. Bg2 e5 6. dxe6 dxe6 7. Qxd8+ Kxd8 8.
O-O Nc6 9. c3 Bd7 10. Na3 Bh6 11. Nc4 Bxc1 12. Raxc1 Nf6 13. Nfe5 Nxe5 14. Nxe5
Ke7 15. Nd3 c4 16. Ne5 Rac8 17. Bxb7 Rc5 18. f4 Rb8 19. Ba6 Rxb2 20. Bxc4 Rc7
21. Rb1 Rxb1 22. Rxb1 Ng4 23. Nxg4 fxg4 24. Bd3 Rxc3 25. Rb7 Ra3 26. Bb5 1-0

[Event "Skovbo GM 2014"]
[Site "Skovbo Kulturhus"]
[Date "2014.09.13"]
[Round "7.14"]
[White "Henriksen, Kasper"]
[Black "Mølvig, Henrik"]
[Result "1/2-1/2"]
[WhiteElo "1979"]
[BlackElo "2152"]
[PlyCount "63"]
[EventDate "2014.??.??"]
[WhiteTeam "Køge Skakklub"]
[BlackTeam "Roskilde Skakklub"]

1. d4 Nf6 2. c4 g6 3. Nc3 Bg7 4. e4 d6 5. f3 O-O 6. Be3 c5 7. Nge2 cxd4 {(=)}
8. Nxd4 Nc6 9. Qd2 Bd7 10. Be2 Nxd4 11. Bxd4 a5 12. O-O Bc6 13. Nd5 Nd7 14.
Bxg7 Kxg7 15. Qd4+ Kg8 16. f4 Bxd5 17. exd5 Qb6 18. Rad1 Rfc8 19. Rfe1 Kf8 20.
Bf1 Rc7 21. Re3 Qxd4 22. Rxd4 Rac8 23. Ra3 Rc5 24. Kf2 Nb6 25. Ke3 R8c7 26. g3
Ke8 27. Rb3 Nd7 28. Bh3 Rxc4 29. Rxc4 Rxc4 30. Rxb7 f5 31. Bf1 Re4+ 32. Kf3
1/2-1/2

[Event "Skovbo GM 2014"]
[Site "Skovbo Kulturhus"]
[Date "2014.09.13"]
[Round "7.15"]
[White "Sørensen, Bernhard W"]
[Black "Skjoldager, Flemming"]
[Result "0-1"]
[WhiteElo "1684"]
[BlackElo "1876"]
[PlyCount "60"]
[EventDate "2014.??.??"]
[WhiteTeam "Hillerød Skakklub"]
[BlackTeam "Holbæk Skakklub"]

1. d4 d5 2. e3 Nf6 3. Bd3 c5 4. c3 b6 5. f4 g6 6. Nf3 Bg7 7. Ne5 O-O 8. Nd2 Ba6
9. Qe2 Bxd3 10. Qxd3 Qc8 11. O-O e6 12. Rf3 Nbd7 13. h3 Qb7 14. g4 Nxe5 15.
fxe5 Ne4 16. Qe2 f6 17. exf6 Nxf6 18. Qg2 Rae8 19. h4 Ne4 20. Nxe4 dxe4 21. Rf4
Rxf4 22. exf4 cxd4 23. Bd2 Qa8 24. Qg3 e3 25. Be1 Qe4 26. Rc1 d3 27. Rd1 Rd8
28. Qh2 Qf3 29. Rb1 d2 30. Bxd2 Rxd2 0-1

[Event "Skovbo GM 2014"]
[Site "Skovbo Kulturhus"]
[Date "2014.09.13"]
[Round "7.16"]
[White "Madsen, Michael Ole"]
[Black "Mølvig, Julius"]
[Result "1/2-1/2"]
[WhiteElo "2077"]
[BlackElo "1913"]
[PlyCount "65"]
[EventDate "2014.??.??"]
[WhiteTeam "Allerød Skakklub"]
[BlackTeam "BMS Skak"]

1. d4 Nf6 2. Nf3 g6 3. c4 Bg7 4. Nc3 O-O 5. Bf4 d6 6. e3 c5 7. h3 cxd4 8. exd4
{(=)} Nbd7 9. Be2 a6 10. O-O Nb6 11. Rc1 Bf5 12. b4 Ne4 13. Qb3 Nxc3 14. Rxc3
Re8 15. Rd1 Bd7 16. Rd2 e5 17. dxe5 dxe5 18. Be3 e4 19. Nd4 Qe7 20. Rc1 Nc8 21.
c5 Na7 22. a4 Nc6 23. b5 Nxd4 24. Bxd4 Be6 25. Qc3 Bxd4 26. Qxd4 Rad8 27. Qe3
Rxd2 28. Qxd2 axb5 29. axb5 Rd8 30. Qc3 Qg5 31. Rd1 Rxd1+ 32. Bxd1 Qd5 33. Be2
1/2-1/2

[Event "Skovbo GM 2014"]
[Site "Skovbo Kulturhus"]
[Date "2014.09.13"]
[Round "7.17"]
[White "Kristensen, Bjarke Hautop"]
[Black "Vovk, Oksana"]
[Result "1/2-1/2"]
[WhiteElo "1936"]
[BlackElo "2070"]
[PlyCount "39"]
[EventDate "2014.??.??"]
[WhiteTeam "Sorø Skakklub"]
[BlackTeam "Næstved Skakklub"]

1. c4 e6 2. g3 d5 3. Bg2 Nf6 4. Nf3 Be7 5. O-O O-O 6. b3 Nbd7 7. Bb2 b6 8. d3
Bb7 9. Nbd2 c5 10. Re1 Qc7 11. e4 dxe4 12. dxe4 e5 13. Qc2 Rad8 14. Nb1 Rfe8
15. Nc3 g6 16. Rad1 Bf8 17. Nd5 Nxd5 18. exd5 f6 19. h4 Bg7 20. h5 1/2-1/2

[Event "Skovbo GM 2014"]
[Site "Skovbo Kulturhus"]
[Date "2014.09.13"]
[Round "7.18"]
[White "Jørgensen, Orla Eilegaard"]
[Black "Andersen, Daniel"]
[Result "0-1"]
[WhiteElo "1568"]
[BlackElo "1962"]
[PlyCount "66"]
[EventDate "2014.??.??"]
[WhiteTeam "Allerød Skakklub"]
[BlackTeam "Frederikssund Skakklub"]

1. b4 c6 2. Bb2 a5 3. a3 Qb6 4. c3 d5 5. d4 Nd7 6. Nf3 g6 7. e3 Bg7 8. Nbd2 e5
9. dxe5 Nxe5 10. Nxe5 Bxe5 11. Nb3 axb4 12. axb4 Rxa1 13. Bxa1 Ne7 14. Bd3 O-O
15. O-O Bb8 16. Qc2 Qc7 17. g3 b5 18. Qb2 Qe5 19. Qd2 Qh5 20. Be2 Bg4 21. Bxg4
Qxg4 22. Nd4 Be5 23. Nxc6 Nxc6 24. Qxd5 Qe6 25. Qxb5 Ra8 26. Bb2 Ra2 27. Rb1
Qf5 28. Qf1 Nxb4 29. cxb4 Bxb2 30. Qd1 Bc3 31. Qf1 Bd2 32. b5 Bxe3 33. fxe3 Qc2
0-1

[Event "Skovbo GM 2014"]
[Site "Skovbo Kulturhus"]
[Date "2014.09.13"]
[Round "7.19"]
[White "Andersen, Troels Bækgård"]
[Black "Simonsen, Per Barndorff"]
[Result "1-0"]
[WhiteElo "1919"]
[BlackElo "1869"]
[PlyCount "95"]
[EventDate "2014.??.??"]
[WhiteTeam "Roskilde Skakklub"]
[BlackTeam "Ishøj Skakklub"]

1. d4 Nf6 2. c4 e6 3. Nf3 d5 4. Nc3 c6 5. cxd5 cxd5 6. Bg5 Be7 7. e3 Qa5 8. Bd3
Ne4 9. Bxe7 Kxe7 10. Bxe4 dxe4 11. Nd2 f5 12. O-O Nd7 13. Nb3 Qb6 14. Rc1 Nf6
15. Qe2 Bd7 16. Nc5 Bc6 17. a3 Nd5 18. Qd2 a5 19. N5a4 Qa7 20. b3 Rac8 21. Rc2
Rc7 22. Rfc1 Rhc8 23. h3 b6 24. Nb2 b5 25. b4 axb4 26. Nxd5+ exd5 27. Qxb4+ Kd7
28. Nd1 Qa4 29. Rc5 Qxb4 30. axb4 Ba8 31. Rxc7+ Rxc7 32. Rc5 Rxc5 33. dxc5 Ke6
34. Nc3 Bc6 35. Ne2 g6 36. Nd4+ Kd7 37. Kh2 Kc7 38. Ne6+ Kc8 39. Nf8 Be8 40.
Nxh7 Bf7 41. Kg3 Kd7 42. Kf4 Ke7 43. Ke5 Be8 44. Nf6 Bf7 45. c6 f4 46. c7 Be6
47. Nxd5+ Kd7 48. c8=Q+ 1-0

[Event "Skovbo GM 2014"]
[Site "Skovbo Kulturhus"]
[Date "2014.09.13"]
[Round "7.20"]
[White "Kokholm, Daniel"]
[Black "Jacobsen, Mikkel Manosri"]
[Result "1/2-1/2"]
[WhiteElo "1915"]
[BlackElo "1886"]
[PlyCount "83"]
[EventDate "2014.??.??"]
[WhiteTeam "Skakklubben K41"]
[BlackTeam "BMS Skak"]

1. e4 c6 2. Nc3 d5 3. Nf3 Bg4 4. h3 Bxf3 5. Qxf3 e6 6. Be2 Nf6 7. e5 Nfd7 8.
Qg3 g6 9. b3 Bg7 10. f4 c5 11. Bb2 a6 12. O-O Nc6 13. a3 b5 14. Rae1 Qb6 15.
Kh1 Nd4 16. Bd1 O-O-O 17. Nb1 Nf5 18. Qf2 h5 19. b4 c4 20. d4 Bf8 21. c3 Be7
22. Rg1 Rdg8 23. Bc1 {(=)} g5 24. fxg5 Bxg5 25. Bxg5 Rxg5 26. Bc2 Rhg8 27. Bxf5
Rxf5 28. Qh4 {(=)} f6 29. exf6 Nxf6 30. Nd2 Qd6 31. Ref1 Qg3 32. Qxg3 Rxg3 33.
Rf3 h4 34. Rxf5 exf5 35. Nf3 Ne4 36. Rc1 f4 37. Rc2 Kd7 38. Kg1 Ng5 39. Nxg5
Rxg5 40. Rf2 Rg3 41. Rf3 Rxf3 42. gxf3 1/2-1/2

[Event "Skovbo GM 2014"]
[Site "Skovbo Kulturhus"]
[Date "2014.09.13"]
[Round "7.21"]
[White "Møller, Claus Kronholm"]
[Black "Pawlak, Wojciech Zbigniew"]
[Result "1/2-1/2"]
[WhiteElo "1892"]
[BlackElo "1705"]
[PlyCount "96"]
[EventDate "2014.??.??"]
[WhiteTeam "Skovbo Skakklub"]
[BlackTeam "Køge Skakklub"]

1. e4 c5 2. c3 d5 3. exd5 Qxd5 4. d4 g6 5. Nf3 Bg7 6. Be2 Nc6 7. dxc5 Qxc5 8.
Be3 Qa5 9. O-O Nf6 10. Nbd2 O-O 11. Nb3 Qc7 12. h3 Rd8 13. Qc1 b6 14. Nbd4 Nxd4
15. Nxd4 a6 16. Bf3 Bb7 17. Bxb7 Qxb7 18. Bh6 Rac8 19. Qe3 Nd5 20. Qd2 e5 21.
Bxg7 Kxg7 22. Nf3 Nf4 23. Qe3 f6 24. Rad1 Qc7 25. Rfe1 Rxd1 26. Rxd1 Ne6 27. g3
Rd8 28. Rxd8 Qxd8 29. Qe2 Nc5 30. Ne1 a5 31. Kg2 Qd5+ 32. Qf3 e4 33. Qe3 Qxa2
34. b4 Nd3 35. Nxd3 exd3 36. Qxd3 a4 37. Qd7+ Kh6 38. h4 a3 39. Qd6 Kg7 40. b5
Qc4 41. Qxa3 Qxb5 42. Qe7+ Kg8 43. Qxf6 Qd5+ 44. Qf3 Qe5 45. Qa8+ Kg7 46. Qb7+
Kg8 47. Qxb6 Qxc3 48. Qd8+ Kg7 1/2-1/2

[Event "Skovbo GM 2014"]
[Site "Skovbo Kulturhus"]
[Date "2014.09.13"]
[Round "7.22"]
[White "Sørensen, Lindved"]
[Black "Schmidt, Horst Hubert"]
[Result "0-1"]
[WhiteElo "1728"]
[BlackElo "1754"]
[PlyCount "106"]
[EventDate "2014.??.??"]
[WhiteTeam "Faxe Skakklub"]
[BlackTeam "Brønshøj Skakforening"]

1. Nf3 Nf6 2. c4 e6 3. b3 Be7 4. Bb2 d5 5. g3 O-O 6. Bg2 c6 7. O-O Nbd7 8. d4
Ne4 9. Nbd2 f5 10. e3 Ndf6 11. Ne1 Bd7 12. f3 Nxd2 13. Qxd2 a5 14. Nd3 a4 15.
b4 dxc4 16. Nc5 b6 17. Nxd7 Qxd7 18. f4 Nd5 19. a3 Rab8 20. Rac1 b5 21. Rfe1
Nf6 22. Qe2 Ne4 23. Bxe4 fxe4 24. Qg4 Qd5 25. Bc3 h5 26. Qh3 Rf6 27. Re2 Rbf8
28. Rg2 Rg6 29. Kh1 Rff6 30. g4 hxg4 31. Rxg4 Qf5 32. Rcg1 Rxg4 33. Qxg4 Qxg4
34. Rxg4 Rf7 35. h4 Kh7 36. h5 Bf6 37. Rg6 Rd7 38. Rg3 Rd5 39. Rh3 Kh6 40. Kg2
Rxh5 41. Kg3 Rxh3+ 42. Kxh3 Kh5 43. Be1 g5 44. fxg5 Bxg5 45. Bf2 c3 46. Be1 c2
47. Bd2 Bh4 48. Kg2 Kg4 49. Bc1 Be1 50. Kf1 Bc3 51. Ke2 Kg3 52. Kf1 Kf3 53. Kg1
Ke2 0-1

[Event "Skovbo GM 2014"]
[Site "Skovbo Kulturhus"]
[Date "2014.09.13"]
[Round "7.23"]
[White "Severinsen, Frank"]
[Black "Petersen, Henry"]
[Result "1-0"]
[WhiteElo "1801"]
[BlackElo "1455"]
[PlyCount "53"]
[EventDate "2014.??.??"]
[WhiteTeam "Skakklubben K41"]
[BlackTeam "Køge Skakklub"]

1. e4 e5 2. d4 exd4 3. c3 d5 4. Qxd4 dxe4 5. Qxe4+ Qe7 6. Nd2 Qxe4+ 7. Nxe4 Bf5
8. Ng3 Bg6 9. Bf4 c6 10. Nf3 Nf6 11. Ne5 Bc5 12. Nxg6 hxg6 13. Rd1 Nbd7 14. Be2
O-O 15. O-O Rfe8 16. Bc4 Nb6 17. Bb3 Nh5 {(=)} 18. Bc7 Nxg3 19. Bxg3 Re2 20.
Bc7 Rxb2 21. Bxb6 Bxb6 22. Rd7 Re8 23. Bxf7+ Kh7 24. Bxe8 Rxa2 25. Bf7 Rc2 26.
Rd3 a5 27. Rh3# 1-0

[Event "Skovbo GM 2014"]
[Site "Skovbo Kulturhus"]
[Date "2014.09.13"]
[Round "7.24"]
[White "Hagerup, Per"]
[Black "Hein, Jacob"]
[Result "1-0"]
[WhiteElo "1664"]
[BlackElo "1450"]
[PlyCount "95"]
[EventDate "2014.??.??"]
[WhiteTeam "Tølløse Skakklub"]
[BlackTeam "Espergærde Skakklub"]

1. d4 c6 2. c4 e6 3. Nf3 Be7 4. Nc3 Na6 5. e4 d5 6. cxd5 exd5 7. e5 Nc7 8. h3
Ne6 9. Be2 Bd7 10. a4 Bb4 11. O-O h6 12. Qb3 Bxc3 13. bxc3 Rb8 14. Ba3 Ne7 15.
Bd6 Nc7 16. a5 Nf5 17. Qb4 b5 18. axb6 Rxb6 19. Qa3 Nxd6 20. Qxd6 Nb5 21. Bxb5
cxb5 22. Qxd5 a6 23. Rfc1 O-O 24. Qc5 Rg6 25. Kh2 Qa8 26. d5 Rc8 27. Qd4 Rc4
28. Qd3 a5 29. g4 Bxg4 30. hxg4 Qc8 31. e6 Qc7+ 32. d6 Qa7 33. Rc2 Rxe6 34. d7
Qb8+ 35. Kh1 Rd6 36. Qf5 Qd8 37. Ne5 Rf6 38. Qd3 Rc5 39. Re2 Rf4 40. Ng6 Qa8+
41. Kh2 Rxf2+ 42. Rxf2 Qd8 43. Re1 Qc7+ 44. Kg2 fxg6 45. d8=Q+ Qxd8 46. Qxd8+
Kh7 47. Rf8 g5 48. Qd3+ 1-0